|
|
|
|
| LEADER |
00000nam0a2200000 4500 |
| 001 |
287590 |
| 005 |
20231102000014.0 |
| 010 |
|
|
|a 5283002654
|
| 035 |
|
|
|a (RuTPU)RU\TPU\book\312000
|
| 090 |
|
|
|a 287590
|
| 100 |
|
|
|a 20150317d2015 m y0rusy50 ca
|
| 101 |
0 |
|
|a rus
|
| 102 |
|
|
|a RU
|
| 105 |
|
|
|a a j 001zy
|
| 200 |
1 |
|
|a Парогенераторные установки атомных электростанций
|e учебник
|f Н. Г. Рассохин
|
| 205 |
|
|
|a 4-е изд., перераб. и доп.
|
| 210 |
|
|
|a Екатеринбург
|c АТП
|d 2015
|
| 215 |
|
|
|a 384 с.
|c ил.
|
| 225 |
1 |
|
|a Для студентов вузов
|
| 320 |
|
|
|a Библиогр.: с. 379-381.
|
| 320 |
|
|
|a Алфавитно-предметный указатель: с. 381-382.
|
| 330 |
|
|
|a Приведены схемы и конструкции парогенераторов различных типов. Рассмотрены гидродинамика и теплообмен, а также физико-химические процессы, протекающие при производстве пара. Дана методика конструкторского расчета парогенераторов АЭС. Большее внимание уделено комплексным водно-химическим режимам.Для студентов вузов специальности «Атомные электростанции и установки». Может быть полезен эксплуатационникам АЭС, работающим на парогенераторных установках.
|
| 606 |
1 |
|
|a Атомные электрические станции
|x Парогенераторное оборудование
|2 stltpush
|3 (RuTPU)RU\TPU\subj\74181
|9 86660
|
| 610 |
1 |
|
|a АЭС
|
| 610 |
1 |
|
|a пар
|
| 610 |
1 |
|
|a производство
|
| 610 |
1 |
|
|a принципиальные схемы
|
| 610 |
1 |
|
|a теплоносители
|
| 610 |
1 |
|
|a парогенераторы
|
| 610 |
1 |
|
|a конструкционные схемы
|
| 610 |
1 |
|
|a теплообмен
|
| 610 |
1 |
|
|a гидродинамические процессы
|
| 610 |
1 |
|
|a вода
|
| 610 |
1 |
|
|a примеси
|
| 610 |
1 |
|
|a переход
|
| 610 |
1 |
|
|a водные режимы
|
| 610 |
1 |
|
|a расчет
|
| 610 |
1 |
|
|a сепарационные устройства
|
| 610 |
1 |
|
|a конструкционные материалы
|
| 610 |
1 |
|
|a технико-экономическое обоснование
|
| 610 |
1 |
|
|a учебники
|
| 675 |
|
|
|a 621.311.25:621.039.56(075.8)
|v 4
|
| 700 |
|
1 |
|a Рассохин
|b Н. Г.
|g Николай Георгиевич
|
| 801 |
|
1 |
|a RU
|b 63413507
|c 20150317
|
| 801 |
|
2 |
|a RU
|b 63413507
|c 20211015
|g RCR
|
| 942 |
|
|
|c BK
|
| 959 |
|
|
|a 18/20150317
|d 65
|e 720,00
|f ЧЗТЛ:1
|f АНЛ:1
|f УФ:63
|